Strategies For e-Business : (Record no. 11321)
[ view plain ]
| 000 -LEADER | |
|---|---|
| fixed length control field | 01292cam a22003258a 4500 |
| 001 - CONTROL NUMBER | |
| control field | 15259612 |
| 005 - DATE AND TIME OF LATEST TRANSACTION | |
| control field | 20080414121709.0 |
| 008 - FIXED-LENGTH DATA ELEMENTS--GENERAL INFORMATION | |
| fixed length control field | 080414s2008 enk b 001 0 eng |
| 010 ## - LIBRARY OF CONGRESS CONTROL NUMBER | |
| LC control number | 2008017070 |
| 020 ## - INTERNATIONAL STANDARD BOOK NUMBER | |
| International Standard Book Number | 9780273710288 (alk. paper) |
| 040 ## - CATALOGING SOURCE | |
| Original cataloging agency | DLC |
| Transcribing agency | DLC |
| 043 ## - GEOGRAPHIC AREA CODE | |
| Geographic area code | e------ |
| 050 00 - LIBRARY OF CONGRESS CALL NUMBER | |
| Classification number | HF5548.32 |
| Item number | .J45 2008 |
| 082 00 - DEWEY DECIMAL CLASSIFICATION NUMBER | |
| Classification number | 658.872 |
| Edition number | 22 |
| Item number | JEL |
| 100 1# - MAIN ENTRY--PERSONAL NAME | |
| Personal name | Jelassi, Tawfik, |
| Dates associated with a name | 1957- |
| 9 (RLIN) | 3778 |
| 245 10 - TITLE STATEMENT | |
| Title | Strategies For e-Business : |
| Remainder of title | Creating Value through Electronic and Mobile Commerce : concepts and cases / |
| Statement of responsibility, etc | Tawfik Jelassi, Albrecht Enders. |
| 250 ## - EDITION STATEMENT | |
| Edition statement | 2nd ed. |
| 260 ## - PUBLICATION, DISTRIBUTION, ETC. (IMPRINT) | |
| Place of publication, distribution, etc | Harlow, England ; |
| -- | New York : |
| Name of publisher, distributor, etc | FT Prentice Hall, |
| Date of publication, distribution, etc | c2008. |
| 263 ## - PROJECTED PUBLICATION DATE | |
| Projected publication date | 0807 |
| 300 ## - PHYSICAL DESCRIPTION | |
| Extent | xxxviii, 626 p. : |
| Other physical details | ill. ; |
| Dimensions | 26 cm. |
| 504 ## - BIBLIOGRAPHY, ETC. NOTE | |
| Bibliography, etc | Includes bibliographical references and index. |
| 650 #0 - SUBJECT ADDED ENTRY--TOPICAL TERM | |
| Topical term or geographic name as entry element | Electronic commerce. |
| 9 (RLIN) | 3779 |
| 650 #0 - SUBJECT ADDED ENTRY--TOPICAL TERM | |
| Topical term or geographic name as entry element | Electronic commerce |
| Geographic subdivision | Europe |
| Form subdivision | Case studies. |
| 9 (RLIN) | 3780 |
| 650 #0 - SUBJECT ADDED ENTRY--TOPICAL TERM | |
| Topical term or geographic name as entry element | Industries |
| General subdivision | Technological innovations |
| -- | Economic aspects. |
| 9 (RLIN) | 3781 |
| 650 #0 - SUBJECT ADDED ENTRY--TOPICAL TERM | |
| Topical term or geographic name as entry element | Strategic planning. |
| 9 (RLIN) | 3782 |
| 700 1# - ADDED ENTRY--PERSONAL NAME | |
| Personal name | Enders, Albrecht. |
| 9 (RLIN) | 3783 |
| 942 ## - ADDED ENTRY ELEMENTS (KOHA) | |
| Source of classification or shelving scheme | Dewey Decimal Classification |
| Item type | Book - Borrowing |
| Withdrawn status | Item status | Source of classification or shelving scheme | Damaged status | Not for loan | Vendor | Home library | Current library | Shelving location | Date acquired | Source of acquisition | Cost, normal purchase price | Serial Enumeration / chronology | Total Checkouts | Total Renewals | Full call number | Barcode | Date last seen | Date last borrowed | Koha item type |
|---|---|---|---|---|---|---|---|---|---|---|---|---|---|---|---|---|---|---|---|
| Dewey Decimal Classification | Baccah | Central Library | Central Library | First floor | 16/04/2009 | 224.00 | 7073 | 3 | 86 | 658.872 JEL | 000015914 | 15/07/2025 | 10/12/2019 | Book - Borrowing |